Business communication
| Main Author: | |
|---|---|
| Format: | Book |
| Published: |
Kuala Lumpur :
Golden Books Centre ,
2002
|
| Subjects: |
MARC
| LEADER | 00000cam a2200000 7i4500 | ||
|---|---|---|---|
| 001 | 0000003322 | ||
| 005 | 20050823.0 | ||
| 020 | 0 | 0 | |a 9837204907 |
| 090 | 0 | 0 | |a 658.45 |b ROB |
| 100 | 1 | 0 | |a Robertson, J. L. |
| 245 | 1 | 0 | |a Business communication |c J.L. Robertson |
| 260 | 0 | 0 | |a Kuala Lumpur : |b Golden Books Centre , |c 2002 |
| 300 | |a i, 149p. ; |c 22cm. | ||
| 650 | 0 | 0 | |a Business communication |
| 650 | 0 | 0 | |a Communication in management |
| 999 | |a 0000006334 |b Monograph |c Open Shelf |e Default branch | ||